000
00342nam a2200133Ia 4500
008
170203s9999 xx 000 0 und d
020
_a
9780521739177
245
_a
Cambridge practice tests for IELTS 7 :
260
_a
Cambridge :
260
_b
Cambridge University Press.
260
_c
2010
300
_a
172 pages :
300
_c
24 cm.
999
_c
305965
_d
305965